书目信息 |
| 题名: |
明星基金经理败走记
|
|
| 作者: | 里基茨 著 ;刘沅琪 译 | |
| 分册: | ||
| 出版信息: | 上海 文汇出版社 2022.04 |
|
| 页数: | 16, 217页 | |
| 开本: | 19cm | |
| 丛书名: | ||
| 单 册: | ||
| 中图分类: | K835.615.34 | |
| 科图分类: | ||
| 主题词: | 基金--ji jin--经理--传记--英国--现代 | |
| 电子资源: | ||
| ISBN: | 978-7-5496-3759-1 | |
| 000 | 01378nam0 2200277 450 | |
| 001 | 011025153612 | |
| 005 | 20221025153612.0 | |
| 010 | @a978-7-5496-3759-1@dCNY52.00 | |
| 100 | @a20201004d2022 em y0chiy50 ea | |
| 101 | 1 | @achi@ceng |
| 102 | @aCN@b310000 | |
| 105 | @ay z 000yd | |
| 106 | @ar | |
| 200 | 1 | @a明星基金经理败走记@Aming xing ji jin jing li bai zou ji@f(英) 大卫·里基茨(David Ricketts) 著@g刘沅琪译 |
| 210 | @a上海@c文汇出版社@d2022.04 | |
| 215 | @a16, 217页@d19cm | |
| 300 | @a贝页 | |
| 305 | @aHarriman House Ltd.授权出版 | |
| 330 | @a本书的研究对象尼尔·伍德福德是英国首屈一指的基金经理。他在1998和2008两次金融危机中成功脱险,创造了辉煌战绩。巅峰时刻,他手上掌握着300多亿英镑的资金,让政界大佬、商业巨鳄深为忌惮。BBC称他为“从不断电的赚钱机器”。然而,好日子在一个下雨的清晨戛然而止。本书作者里基茨带领读者进入伍德财富的秘密暗房,揭示投资背后的傲慢与偏见,真相与谎言,当投资者们的钱被一点点消耗殆尽时:一场震惊全球的金融丑闻霍然曝光。 | |
| 510 | 1 | @aBehind the downfall of Neil Woodford, Britain's most successful fund manager@zeng |
| 606 | 0 | @a基金@Aji jin@x经理@x传记@y英国@z现代 |
| 610 | 0 | @a伍德福德(Woodford, Neil)@Achuan ji@Awu de fu de (Woodford, Neil)@a传记 |
| 690 | @aK835.615.34@v5 | |
| 701 | 0 | @c(英)@a里基茨@Ali ji ci@g(Ricketts, David)@4著 |
| 702 | 0 | @a刘沅琪@Aliu yuan qi@4译 |
| 905 | @a河南城建学院图书馆@dK835.615.34@eD088 | |
| 明星基金经理败走记/(英) 大卫·里基茨(David Ricketts) 著/刘沅琪译.-上海:文汇出版社,2022.04 |
| 16, 217页;19cm |
| 贝页 |
| ISBN 978-7-5496-3759-1:CNY52.00 |
| 本书的研究对象尼尔·伍德福德是英国首屈一指的基金经理。他在1998和2008两次金融危机中成功脱险,创造了辉煌战绩。巅峰时刻,他手上掌握着300多亿英镑的资金,让政界大佬、商业巨鳄深为忌惮。BBC称他为“从不断电的赚钱机器”。然而,好日子在一个下雨的清晨戛然而止。本书作者里基茨带领读者进入伍德财富的秘密暗房,揭示投资背后的傲慢与偏见,真相与谎言,当投资者们的钱被一点点消耗殆尽时:一场震惊全球的金融丑闻霍然曝光。 |
| ● |
| 相关链接 |
|
|
|
正题名:明星基金经理败走记
索取号:K835.615.34/D088
 
预约/预借
| 序号 | 登录号 | 条形码 | 馆藏地/架位号 | 状态 | 备注 |
| 1 | 1588649 | 215886496 | 社科库309/309社科库 102排3列3层/ [索取号:K835.615.34/D088] | 在馆 | |
| 2 | 1588650 | 215886502 | 社科库309/309社科库 102排3列3层/ [索取号:K835.615.34/D088] | 在馆 |